Endeudamiento de los entes territoriales con el sistema financiero colombiano / (Registro nro. 5927)
[ vista simple ]
| 000 -LEADER | |
|---|---|
| fixed length control field | 01035nam a2200253Ia 4500 |
| 003 - CONTROL NUMBER IDENTIFIER | |
| control field | OSt |
| 005 - DATE AND TIME OF LATEST TRANSACTION | |
| control field | 20210115104214.0 |
| 008 - FIXED-LENGTH DATA ELEMENTS--GENERAL INFORMATION | |
| fixed length control field | 191128s2000 ck ad gr f000 0 spa d |
| 040 ## - CATALOGING SOURCE | |
| Original cataloging agency | CO-JMCR |
| Transcribing agency | CO-JMCR |
| 041 0# - LANGUAGE CODE | |
| Language code of text/sound track or separate title | spa |
| 082 04 - DEWEY DECIMAL CLASSIFICATION NUMBER | |
| Classification number | 351.728 / |
| Item number | A761e |
| Edition number | 23 |
| 110 1# - MAIN ENTRY--CORPORATE NAME | |
| Corporate name or jurisdiction name as entry element | Colombia. |
| Subordinate unit | Asobancaria |
| 9 (RLIN) | 9523 |
| 245 10 - TITLE STATEMENT | |
| Title | Endeudamiento de los entes territoriales con el sistema financiero colombiano / |
| Statement of responsibility, etc. | Asobancaria |
| 260 ## - PUBLICATION, DISTRIBUTION, ETC. | |
| Place of publication, distribution, etc. | Bogotá : |
| Name of publisher, distributor, etc. | Asobancaria, |
| Date of publication, distribution, etc. | 2000 |
| 300 ## - PHYSICAL DESCRIPTION | |
| Extent | 76 páginas : |
| Other physical details | gráficos a blanco y negro ; |
| Dimensions | 24 cm. |
| 505 0# - FORMATTED CONTENTS NOTE | |
| Formatted contents note | Causas del problema fiscal de los entes territoriales -- Finanzas territoriales en los noventa -- Cifras del endeudamiento -- Qué ha hecho y qué falta por hacer |
| 650 14 - SUBJECT ADDED ENTRY--TOPICAL TERM | |
| Topical term or geographic name entry element | Endeudamiento |
| Geographic subdivision | Colombia |
| 9 (RLIN) | 9524 |
| 650 14 - SUBJECT ADDED ENTRY--TOPICAL TERM | |
| Topical term or geographic name entry element | Entes territoriales |
| Geographic subdivision | Colombia |
| 9 (RLIN) | 9525 |
| 650 14 - SUBJECT ADDED ENTRY--TOPICAL TERM | |
| Topical term or geographic name entry element | Política fiscal |
| Geographic subdivision | Colombia |
| 9 (RLIN) | 6903 |
| 650 14 - SUBJECT ADDED ENTRY--TOPICAL TERM | |
| Topical term or geographic name entry element | Descentralización administrativa |
| Geographic subdivision | Colombia |
| 9 (RLIN) | 7680 |
| 650 24 - SUBJECT ADDED ENTRY--TOPICAL TERM | |
| Topical term or geographic name entry element | Deuda pública |
| Geographic subdivision | Colombia |
| 9 (RLIN) | 9526 |
| 650 24 - SUBJECT ADDED ENTRY--TOPICAL TERM | |
| Topical term or geographic name entry element | Impuestos territoriales |
| Geographic subdivision | Colombia |
| 9 (RLIN) | 9527 |
| 942 ## - ADDED ENTRY ELEMENTS (KOHA) | |
| Source of classification or shelving scheme | Dewey Decimal Classification |
| Koha item type | Books |
| Withdrawn status | Lost status | Source of classification or shelving scheme | Damaged status | Not for loan | Collection code | Home library | Current library | Date acquired | Source of acquisition | Full call number | Barcode | Date last seen | Copy number | Koha item type |
|---|---|---|---|---|---|---|---|---|---|---|---|---|---|---|
| Dewey Decimal Classification | Non-fiction | Biblioteca Pública José María del Castillo y Rada | Biblioteca Pública José María del Castillo y Rada | 04/15/2018 | Donación | 351.728 / A761e | 430009935 | 05/16/2024 | Ej.1 | Books | ||||
| Dewey Decimal Classification | Non-fiction | Biblioteca Pública José María del Castillo y Rada | Biblioteca Pública José María del Castillo y Rada | 04/15/2018 | Donación | 351.728 / A761e | 430009936 | 05/16/2024 | Ej.2 | Books |